| 000 -ლიდერი |
| ფიქსირებული სიგრძის საკონტროლო ველი |
02313nam a2200325Ia 4500 |
| 001 - საკონტროლო ნომერი |
| საკონტროლო ველი |
22449 |
| 003 - საკონტროლო ნომრის იდენტიფიკატორი |
| საკონტროლო ველი |
GE_BSU |
| 005 - ბოლო ოპერაციის თარიღი და დრო |
| საკონტროლო ველი |
20250902164727.0 |
| 008 - ფიქსირებული სიგრძის მონაცემთა ელემენტები - ზოგადი ინფორმაცია |
| ფიქსირებული სიგრძის საკონტროლო ველი |
181216s2017||||ge |||||||||||||| ||geo|| |
| 020 ## - წიგნის საერთაშორისო სტანდარტული ნომერი |
| International Standard Book Number |
9789941473210 |
| 040 ## - კატალოგიზაციის წყარო |
| Transcribing agency |
GE_BSU |
| 041 ## - ენის კოდი |
| Language code of text/sound track or separate title |
geo |
| 080 ## - უნივერსალური ათობითი კლასიფიკაციის ინდექსი |
| Universal Decimal Classification number |
316.356.2(73)+314(73) კ-28 |
| 100 ## - მთავარი ჩანაწერი - პიროვნების სახელი |
| Personal name |
კარლსონი, ალან. |
| 9 (RLIN) |
25761 |
| 245 ## - ცნობა სათაურის შესახებ |
| Title |
ამერიკული ოჯახი - გუშინ, დღეს, ხვალ : |
| Remainder of title |
ალტერნატიული სოციოლოგიის ამერიკული სკოლა / |
| Statement of responsibility, etc |
ალან კარლსონი ; შემდგენლები : ა. სულაბერიძე, ც. გვრიტიშვილი, ნ. გომელაური, ვ. სულაბერიძე ; ავთანდილ სულაბერიძის საერთო რედაქციით ; ილიას სახელმწ. უნ-ტი, დემოგრაფიისა და სოციოლოგიის ინ-ტი. |
| 264 ## - წარმოების, გამოცემის, დისტრიბუციის და სხვა ცნობები |
| გამოცემის, წარმოების, დისტრიბუციის... ადგილი |
თბილისი : |
| გამოცემის, წარმოების, დისტრიბუციის... სახელწოდება |
?, |
| გამოცემის, წარმოების, დისტრიბუციის... თარიღი |
2017. |
| 300 ## - ფიზიკური აღწერა |
| Extent |
166 გვ. : |
| Other physical details |
დიაგრ., ცხრ. ; |
| Dimensions |
29 სმ. |
| 500 ## - ზოგადი შენიშვნა |
| General note |
იბეჭდება ალან კარლსონის ნებართვით |
| 504 ## - BIBLIOGRAPHY, ETC. NOTE |
| Bibliography, etc |
ბიბლიოგრ. : გვ. 148-164 |
| 653 ## - INDEX TERM--UNCONTROLLED |
| Uncontrolled term |
ალტერნატიული სოციოლოგიის ამერიკული სკოლა |
| 653 ## - INDEX TERM--UNCONTROLLED |
| Uncontrolled term |
ამერიკული ოჯახი - გუშინ, დღეს, ხვალ |
| 653 ## - INDEX TERM--UNCONTROLLED |
| Uncontrolled term |
ოჯახის სოციოლოგია. |
| 700 ## - ADDED ENTRY--PERSONAL NAME |
| Personal name |
სულაბერიძე, ავთანდილ |
| Relator term |
შემდგენელი, რედაქტორი |
| 9 (RLIN) |
23954 |
| 700 ## - ADDED ENTRY--PERSONAL NAME |
| Personal name |
გვრიტიშვილი, ც. |
| Relator term |
შემდგენელი |
| 9 (RLIN) |
25762 |
| 700 ## - ADDED ENTRY--PERSONAL NAME |
| Personal name |
გომელაური, ნ. |
| Relator term |
შემდგენელი |
| 9 (RLIN) |
25763 |
| 700 ## - ADDED ENTRY--PERSONAL NAME |
| Personal name |
სულაბერიძე, ვ. |
| Relator term |
შემდგენელი |
| 9 (RLIN) |
25764 |
| 710 ## - ADDED ENTRY--CORPORATE NAME |
| Corporate name or jurisdiction name as entry element |
ილიას სახელმწ. უნ-ტი. დემოგრაფიისა და სოციოლოგიის ინსტიტუტი |
| 9 (RLIN) |
25765 |
| 942 ## - ADDED ENTRY ELEMENTS (KOHA) |
| Koha item type |
წიგნი |
| Source of classification or shelving scheme |
|